Glaucoma diagnosis and testing - Statistics

General Stats
  • This quiz has been taken 141 times
  • The average score is 4 of 15
Answer Stats
Hint Answer % Correct
Rule about the 4 sides of the Nerve Fiber Layer ISNT
81%
Normal IOP Range 10-21
67%
Can see the anatomical layers of the retina OCT
63%
Scotoma that occurs in glaucoma arcuate scotoma
48%
Direction vessels travel as glaucoma progresses nasal
47%
Hemorrhage near disc edge Splinter hemorrhage
31%
What % of glaucoma patients have asymmetrical CD ratios? 70
27%
Another visual field like machine for early detection FDT
27%
Visual field for early detection (not white-on-white) blue-on-yellow
20%
The NFL starts to do this (holes near cup) notch
20%
Scanning laser that tests NFL thickness HRT
19%
Uses polarized light to test NFL GDx
18%
Exposed in a deep cup laminar dots
16%
Atropy that mimicks glaucoma peripapillary atrophy
16%
A lesion where is MOST likely to mimick glaucoma chiasm
14%
No matching quizzes found
Score Distribution
Percent of People with Each Score
Percentile by Number Answered
Your Score History
You have not taken this quiz